LEADER 02529nam 2200577Ia 450 001 9910785466603321 005 20200520144314.0 010 $a1-282-92239-4 010 $a9786612922398 010 $a0-8108-7719-8 035 $a(CKB)2670000000060846 035 $a(EBL)662209 035 $a(OCoLC)705538985 035 $a(SSID)ssj0000440733 035 $a(PQKBManifestationID)11302918 035 $a(PQKBTitleCode)TC0000440733 035 $a(PQKBWorkID)10491559 035 $a(PQKB)11442472 035 $a(MiAaPQ)EBC662209 035 $a(Au-PeEL)EBL662209 035 $a(CaPaEBR)ebr10434962 035 $a(CaONFJC)MIL292239 035 $a(EXLCZ)992670000000060846 100 $a20100601d2010 uy 0 101 0 $aeng 135 $aur|n|---||||| 181 $ctxt 182 $cc 183 $acr 200 12$aA Pete Seeger discography$b[electronic resource] $eseventy years of recordings /$fDavid King Dunaway 210 $aLanham, Md. $cScarecrow Press$d2010 215 $a1 online resource (317 p.) 225 1 $aAmerican folk music and musicians series ;$vno. 14 300 $aDescription based upon print version of record. 311 $a0-8108-7718-X 320 $aIncludes bibliographical references and indexes. 327 $aContents; Series Editor's Foreword; Acknowledgments; Introduction; Ch01. Albums; Photospread; Ch02. Singles; Ch03. Foreign Releases; Ch04. Private Pressings; Appendix. The Folkways/MosesAsch Recordings; Song Title Index; Album Index; Collaborating Artist Index; About the Author 330 $aPete Seeger is one of the most recorded artists in American history, and his recording catalog tells us not just the story of his career but the story of our culture and its political and social history. This book is a comprehensive listing of the 45s, 78s, LPs, and CDs recorded by Seeger in his various incarnations: with the Almanac Singers, with the Weavers, as a solo artist, and with other musicians and contributors. It provides information, with easy to use cross-references, on rare recordings and archival collections. 410 0$aAmerican folk music and musicians ;$vno. 14. 606 $aFolk music$zUnited States$vDiscography 615 0$aFolk music 676 $a782.421620092 686 $a9,2$2ssgn 700 $aDunaway$b David King$01471674 801 0$bMiAaPQ 801 1$bMiAaPQ 801 2$bMiAaPQ 906 $aBOOK 912 $a9910785466603321 996 $aA Pete Seeger discography$93684079 997 $aUNINA LEADER 03402oam 2200445Mn 450 001 9911024041903321 005 20250814115844.9 010 $a9781003325727 024 7 $a10.4324/9781003325727 035 $a(CKB)39724692200041 035 $a(OCoLC)1529604535 035 $a(OCoLC-P)1529604535 035 $a(FlBoTFG)9781003325727 035 $a(EXLCZ)9939724692200041 100 $a20250730d2026 uy 0 101 0 $aeng 135 $aur||||||||||| 181 $ctxt$2rdacontent 182 $cc$2rdamedia 183 $acr$2rdacarrier 200 10$aHEAVINESS IN METAL MUSIC PRODUCTION$hVOLUME I$b[electronic resource] $ehow and why it works 210 $aNEW YORK $cFOCAL$d2026 215 $a1 online resource 311 08$a9781032346458 330 $aHeaviness in Metal Music Production, Volume I: How and Why It Works provides an in-depth analysis of the art and craft of producing heaviness, the fundamental musical quality in metal music. Using primarily ethnographic research which draws on interviews and engineering documentation from various producers across different generations, the distinguishing feature of the study is the song 'In Solitude', which was written, recorded, and produced by the researchers themselves.Written by practising musicians, producers, and experts in music technology and musicology, this book offers a comprehensive understanding of the interplay between structural, performative, and technological components of a metal recording; the perceptual and discursive factors determining heaviness; and the relationship between creative freedom and technical demands in contemporary metal music production.Heaviness in Metal Music Production is a rigorous academic study that advances the field of metal music production research through an innovative and methodologically robust approach. At its core is an unprecedented experiment in which eight leading producers each mixed the same song, with their processes meticulously documented and analysed through in-depth interviews. This study not only provides unique insights into the conceptualizations and craft of heaviness in metal music production but also sets a new standard for empirical research in the discipline. As a result, it serves as a vital resource for scholars, researchers, and students in audio engineering and metal music studies, making it essential supplementary reading for advanced undergraduates, postgraduates, and academics engaged in these fields. This two-volume set offers a well-rounded insight into the production of heaviness in theory and practice.The Open Access version of this book, available at www.taylorfrancis.com, has been made available under a Creative Commons Attribution (CC-BY) 4.0 International license. 606 $aHeavy metal (Music)$xProduction and direction 606 $aSound recordings$xProduction and direction 606 $aHeavy metal (Music)$xPhilosophy and aesthetics 615 0$aHeavy metal (Music)$xProduction and direction. 615 0$aSound recordings$xProduction and direction. 615 0$aHeavy metal (Music)$xPhilosophy and aesthetics. 676 $a781.66/149 700 $aHerbst$b Jan-Peter$01329508 701 $aMynett$b Mark$01835856 801 0$bOCoLC-P 801 1$bOCoLC-P 906 $aBOOK 912 $a9911024041903321 996 $aHEAVINESS IN METAL MUSIC PRODUCTION$94496509 997 $aUNINA